Normal view
MARC view
Entry Topical Term
001 - CONTROL NUMBER
- control field: 43061
003 - CONTROL NUMBER IDENTIFIER
- control field: dpl
005 - DATE AND TIME OF LATEST TRANSACTION
- control field: 20120227124521.0
008 - FIXED-LENGTH DATA ELEMENTS
- fixed length control field: 120227|||a|||||| | ||| d
040 ## - CATALOGING SOURCE
- Original cataloging agency: dpl
- Transcribing agency: dpl
150 ## - HEADING--TOPICAL TERM
- Topical term or geographic name as entry element: Libraries
- General subdivision: Automation
670 ## - SOURCE DATA FOUND
- Source citation: Work cat.: (dpl): Digital libraries : , 2011
670 ## - SOURCE DATA FOUND
- Source citation: Work cat.: (dpl): Digital libraries : , 2011
